Регионална библиотека "Любен Каравелов" - Русе

Наръчник за тийнейджъри за (почти) всичко (Запис номер 390685)

MARC детайли
000 -Лидер
Контролно поле с фиксирана дължина 01811nam a2200457 c 4500
003 - Код на организацията, давaща контролен номер
Контролно поле BLK
005 - Дата и час на последна редакция
Контролно поле 20250628131922.0
008 - Елементи от данни с фиксирана дължина
fixed length control field 180409b bul|||||r ||||||| ||bul||
010 ## - Наследен системен номер
LC control number KNG00137666000
020 ## - Международен стандартен номер на книга ISBN
Международен стандартен номер на книга ISBN 9789542620297
040 ## - Източник на каталожния запис
Идентификатор на билиотеката - собственик на записа BLK
041 ## - Код за език
Код за езика на текст/звукозапис или на отделно заглавие Български
Код за езика КДБФ Български
072 #7 - Код за тематичната категория
Код организация bullib
Код за тематична категория Н15
Текст Психология Н
080 ## - УДК
Текстов определител УДК Психология на пола
УДК код - определител по УДК 159.922.1
УДК определител -055.2(02.062)
УДК - код + определител 159.922.1-055.2(02.062)
080 ## - УДК
Текстов определител УДК Социално поведение. Социална психология
УДК код - определител по УДК 316.6
УДК определител -055.2(02.062)
УДК - код + определител 316.6-055.2(02.062)
100 ## - Редна дума - Автор
Автор Кумс, Шари
Авторска отговорност първи автор
R(LIN) 1299
139 ## - Редно поле
Редна дума Кумс, Шари
Авторски знак Ку - К 93
245 10 - Сведения за заглавието
Заглавие Наръчник за тийнейджъри за (почти) всичко
Подзаглавни данни Момичета: Как да сме здрави и щастливи през пубертета
Редно поле (дума) Шари Кумс; прев. от англ. Нина Руева; ил. Линдзи Сейгър.
257 ## - Страна на издаване
Страна на създаване/издаване Великобритания
260 ## - Област на издателските данни
Място на издаване, разпространение и проч. Пловдив
Име на издателя, разпространителя и проч. Хермес
Година на издаване 2020
Печатница Костинброд : Мултипринт
9 (RLIN) 209439
Издателство - префикс ISBN 978-954-26- ; 978-954-459-
300 ## - Физическа характеристика
Страници 71 с.
Илюстрации и др. с ил.
Размери/Мащаб 24 см
380 ## - Жанр
Жанр Философия
650 #0 - Допълнително описание по предмет – тема
Основно описание – тема или топоним Пубертет - девойки
9 (RLIN) 247563
653 #7 - Ключова дума – ненормативна
Ключова дума пубертет
9 (RLIN) 194910
653 ## - Ключова дума – ненормативна
Ключова дума социална психология
653 ## - Ключова дума – ненормативна
Ключова дума жени
659 ## - Тематичен бюлетин
Тематичен бюлетин Н
700 ## - Други автори (авторска отговорност)
Лично име Руева, Нина Стоянова
Автороска отговорност (Описва отношението между автора и произведението) прев. от англ.
9 (RLIN) 373221
700 ## - Други автори (авторска отговорност)
Лично име Сейгър, Линдзи
Автороска отговорност (Описва отношението между автора и произведението) ил.
9 (RLIN) 599
852 ## - Местоположение
Форматна сигнатура Цб 306864
856 4# - Електронен адрес и достъп
Електронен формат pdf - файл
856 4# - Електронен адрес и достъп
Електронен формат pdf - файл
999 ## - СИСТЕМНИ КОНТРОЛНИ НОМЕРА
Koha biblionumber 390685
Koha biblioitemnumber 390685
942 ## - АРТИКУЛИ
Вид на библиотечния материал Книги
Скрит в OPAC Не
Периодичен библиозапис Да
Koha issues (borrowed), all copies 31
944 ## - СЪЗДАВАНЕ И РЕДАКЦИЯ на ЗАПИСА
Създаване/Редакция Създаване
Дата на регистрацията/редакция 2020-10-26
Служител, извършил регистрацията/редакцията 30542
Статус, дата на статуса Русанова Ирена
944 ## - СЪЗДАВАНЕ И РЕДАКЦИЯ на ЗАПИСА
Създаване/Редакция Редакция
Дата на регистрацията/редакция 25.04.2013
999 ## - СИСТЕМНИ КОНТРОЛНИ НОМЕРА
Koha biblioitemnumber 390685
999 ## - СИСТЕМНИ КОНТРОЛНИ НОМЕРА
Koha biblioitemnumber 390685
999 ## - СИСТЕМНИ КОНТРОЛНИ НОМЕРА
Koha biblioitemnumber 390685
999 ## - СИСТЕМНИ КОНТРОЛНИ НОМЕРА
Koha biblioitemnumber 390685
999 ## - СИСТЕМНИ КОНТРОЛНИ НОМЕРА
Koha biblioitemnumber 131828
Наличности
Код за отписване Код за изгубен артикул Източник на класификационната схема Код за повреда Коз за рестрикции Код за отдаване Артикулен № Име на библиотеката - собственик Име на библиотеката, в която се намира в момента Статус (Текущо местоположение) Дата на вписване в системата Местоположение - отдел Цена в лева Систематично азбучна сигнатура Баркод Цена в евро Служебен тип на артикула
  Не е изгубен Universal Decimal Classification Не е повреден без рестрикции заемане за дома 804138 Регионална библиотека "Любен Каравелов" Русе Регионална библиотека "Любен Каравелов" Русе Детски отдел 2020-10-28 Детски отдел 8.36 1/К 93 Ш 120000849466 4.27 Книги
  Не е изгубен Universal Decimal Classification Не е повреден без рестрикции заемане за дома 804139 Регионална библиотека "Любен Каравелов" Русе Регионална библиотека "Любен Каравелов" Русе Детски отдел 2020-10-28 Детски отдел 8.36 1/К 93 Ш 120000849465 4.27 Книги
  Не е изгубен Universal Decimal Classification Не е повреден без рестрикции заемане за дома 804140 Регионална библиотека "Любен Каравелов" Русе Регионална библиотека "Любен Каравелов" Русе Детски отдел 2020-10-28 Детски отдел 8.36 1/К 93 Ш 120000849464 4.27 Книги
  Не е изгубен Universal Decimal Classification Не е повреден без рестрикции заемане за дома 804141 Регионална библиотека "Любен Каравелов" Русе Регионална библиотека "Любен Каравелов" Русе Детски отдел 2020-10-28 Детски отдел 8.36 1/К 93 Ш 120000849463 4.27 Книги
  Не е изгубен Universal Decimal Classification Не е повреден без рестрикции заемане за дома 804142 Регионална библиотека "Любен Каравелов" Русе Регионална библиотека "Любен Каравелов" Русе Детски отдел 2020-10-28 Детски отдел 8.36 1/К 93 Ш 120000849462 4.27 Книги
  Не е изгубен Universal Decimal Classification Не е повреден само за читалня ползва се в читалня 815463 Регионална библиотека "Любен Каравелов" Русе Регионална библиотека "Любен Каравелов" Русе Хранилище 2021-03-10 Хранилище 11.95 Цб 306864 120000852750 6.11 Книги
Vip Innovations Ltd, Rousse, Bulgaria 2025